• 首页
  • 本馆介绍
  • 公告通知
  • 最新文献
  • 馆藏检索
  • 电子资源
  • 读者导购
  • 参考咨询
  • 我的图书馆
  • 登录
  • 详细信息显示
  • 放入我的书架
  • 预约/预借图书
  • 作者相关作品
  • 分类相关作品
  • 丛书相关作品
  • 出版社相关作品

书目信息

  • 表格格式
  • 工作单格式
  • 卡片格式
题名:
互联网时代的企业新思维
    
 
作者: 杜启杰 编
分册:  
出版信息: 北京   中国言实出版社  2017
页数: 354页
开本: 24cm
丛书名:
单 册:
中图分类: F273.1
科图分类:
主题词: 企业创新--研究
电子资源:
ISBN: 978-7-5171-2143-5
000 00814nam0 2200229 450
001 012001000042
005 20140920091301.0
010    @a978-7-5171-2143-5@dCNY68.80
100    @a20180819d2017 em y0chiy50 ea
101 0  @achi
102    @aCN@b110000
105    @ay z 000yy
106    @ar
200 1  @a互联网时代的企业新思维@9Hu Lian Wang Shi Dai De Qi Ye Xin Si Wei@f杜启杰编
210    @a北京@c中国言实出版社@d2017
215    @a354页@d24cm
330    @a本书以理论结合案例分析了在“互联网+”时代,企业应该具备什么样的新思维,企业如何生存,企业需要什么样的生存法则,并通过一些成功人士和失败人士的分析,从他们身上学到成功经验、吸取失败教训。
606 0  @a企业创新@x研究
690    @aF273.1@v5
701  0 @a杜启杰@9Du Qi Jie@4编
801  0 @aCN@b上海新华@c20180901
905    @b1040200-04@dF273.1@e1485@f5
    
    互联网时代的企业新思维/杜启杰编.-北京:中国言实出版社,2017
    354页;24cm
    
    
    ISBN 978-7-5171-2143-5:CNY68.80
    本书以理论结合案例分析了在“互联网+”时代,企业应该具备什么样的新思维,企业如何生存,企业需要什么样的生存法则,并通过一些成功人士和失败人士的分析,从他们身上学到成功经验、吸取失败教训。
●
相关链接 在E读中查询图书 在五车中查询图书 在当当中查询图书 在豆瓣中查询图书


正题名:互联网时代的企业新思维     索取号:F273.1/1485         预约/预借

序号 登录号 条形码 馆藏地/架位号 状态 备注
1 1040200   210402009   第一样本阅览室/ [索取号:F273.1/1485] 在馆    
2 1040201   210402018   第一借阅区/ [索取号:F273.1/1485] 在馆    
3 1040202   210402027   密集书库-海洋学院/ [索取号:F273.1/1485] 在馆    
4 1040203   210402036   第一借阅区/ [索取号:F273.1/1485] 在馆    
5 1040204   210402045   第一借阅区/ [索取号:F273.1/1485] 在馆    
唐山师范学院图书馆 欢迎您!
大连网信软件有限公司© 版权所有